BIBLIOTECA

SENCICO

El dibujo en la concepción arquitectónica: Manual de representación gráfica (Registro nro. 2466)

Detalles MARC
000 -LEADER
fixed length control field 00676nam a2200205Ia 4500
005 - DATE AND TIME OF LATEST TRANSACTION
control field 20251020182543.0
008 - FIXED-LENGTH DATA ELEMENTS--GENERAL INFORMATION
fixed length control field 200515s9999 xx 000 0 und d
082 ## - DEWEY DECIMAL CLASSIFICATION NUMBER
Classification number 744:739/B77
100 ## - MAIN ENTRY--PERSONAL NAME
Personal name BOUDON, Pilippe POUSIN, Frédéric
245 #0 - TITLE STATEMENT
Title El dibujo en la concepción arquitectónica: Manual de representación gráfica
260 ## - PUBLICATION, DISTRIBUTION, ETC.
Place of publication, distribution, etc. México, D.F.
260 ## - PUBLICATION, DISTRIBUTION, ETC.
Date of publication, distribution, etc. 1993
300 ## - PHYSICAL DESCRIPTION
Extent 113
500 ## - GENERAL NOTE
General note 1 ejemplar
520 ## - SUMMARY, ETC.
Summary, etc. Comprende desde la relación entre el arquitecto y su dibujo, los signos y su función, el trazado y sus reglas, hasta la significación de una figura
650 ## - SUBJECT ADDED ENTRY--TOPICAL TERM
Topical term or geographic name entry element DIBUJO
650 ## - SUBJECT ADDED ENTRY--TOPICAL TERM
Topical term or geographic name entry element DIBUJO ARQUITECTONICO
650 ## - SUBJECT ADDED ENTRY--TOPICAL TERM
Topical term or geographic name entry element LIB
942 ## - ADDED ENTRY ELEMENTS (KOHA)
Koha item type Libros
Existencias
Fecha de la última vez que lo usaron Pago total Signatura topográfica completa Código de barras Precio efectivo desde Tipo de documento Estado perdido Estado dañado No es para préstamo Retirado Ubicación permanente Ubicación actual Fecha de adquisición
15/05/2020   744:739/B77 Bib-Lima15052466 15/05/2020 Libros         Biblioteca Central Lima Biblioteca Central Lima 15/05/2020